000
00304nam a22001457a 4500
008
210429b ||||| |||| 00| 0 eng d
020
_a
2900062508118
041
_a
eng
080
_a
2
082
_a
2
100
_a
24
101
_a
FE
245
_a
The World's Religions
_c
Smith,H
942
_2
udc
_c
BK
999
_c
56971
_d
56971